[Event "XXXI Memorial Edoardo Crespi A"]
[Site "Milano ITA"]
[Date "2010.12.08"]
[Round "5"]
[White "Astengo, Corrado"]
[Black "Paleologu, Vladimir"]
[WhiteElo "2139"]
[BlackElo "2193"]
[Result "0-1"]
[PlyCount "88"]
[EventDate "2010.12.04"]

1. e4 d6 2. d4 Nf6 3. Nc3 Nbd7 4. Nf3 e5 5. Bc4 Be7 6. O-O c6 7. a4 Qc7 8. a5
b5 9. axb6 Nxb6 10. Bb3 Bg4 11. d5 cxd5 12. Nxd5 Nbxd5 13. Bxd5 Nxd5 14. Qxd5
O-O 15. c3 Be6 16. Qa5 Qb7 17. Re1 h6 18. Qa6 Rfb8 19. Qxb7 Rxb7 20. b4 Rc8 21.
Ra3 Rc6 22. Be3 a6 23. Rea1 Bc4 24. Nd2 Bb5 25. Rc1 Rbc7 26. f3 Bf8 27. c4 Bxc4
28. Nxc4 Rxc4 29. Rxc4 Rxc4 30. Rxa6 Rxb4 31. Ra8 Rb7 32. h4 h5 33. Kh2 f6 34.
Kh3 Kf7 35. Bd2 Be7 36. Rh8 Rb2 37. Be3 Rb3 38. Bd2 Rd3 39. Bc1 d5 40. Rxh5 Rd1
41. Bb2 d4 42. f4 Rb1 43. Bxd4 exd4 44. Rd5 Rd1 0-1

[Event "XXXI Memorial Edoardo Crespi A"]
[Site "Milano ITA"]
[Date "2010.12.08"]
[Round "5"]
[White "Astengo, Marcello"]
[Black "Formento, Paolo"]
[WhiteElo "2070"]
[BlackElo "1976"]
[Result "1-0"]
[PlyCount "119"]
[EventDate "2010.12.04"]

1. d4 d5 2. c4 e5 3. dxe5 d4 4. Nf3 Nc6 5. g3 Nge7 6. Bg5 h6 7. Bxe7 Bxe7 8.
Bg2 Be6 9. Nbd2 O-O 10. O-O Qd7 11. a3 a5 12. Rc1 a4 13. Ne4 Rfd8 14. Qd3 Ra5
15. Rfd1 Nxe5 16. Nxe5 Rxe5 17. f4 Ra5 18. c5 Qb5 19. Qf3 Bc4 20. Rd2 Bxc5 21.
Kh1 Bb6 22. f5 Bd5 23. f6 Bxe4 24. Qxe4 Qg5 25. Qe7 Qxf6 26. Qxf6 gxf6 27. Bxb7
c5 28. Rc4 Rd6 29. Be4 Ra7 30. Kg2 Kf8 31. Bc2 Ke7 32. Bxa4 Ke6 33. Bb3 Ke5 34.
Rc1 f5 35. Rf1 Rf6 36. Rf4 Rc7 37. Bc4 Rc8 38. Rd1 Rg8 39. Rdf1 Rg4 40. Rxg4
fxg4 41. Bxf7 Rxf1 42. Kxf1 Ba5 43. b3 Bd2 44. Kf2 Kf6 45. Be8 Bc1 46. a4 Bd2
47. Bd7 h5 48. h4 gxh3 49. Bxh3 Kg5 50. Kf3 Be1 51. Ke4 Bxg3 52. a5 Bb8 53. Kd5
Kf4 54. Kc6 c4 55. bxc4 Ba7 56. Kb7 Bc5 57. Kc6 Ba7 58. c5 Ke3 59. Kd5 Kxe2 60.
Kxd4 1-0

[Event "XXXI Memorial Edoardo Crespi A"]
[Site "Milano ITA"]
[Date "2010.12.08"]
[Round "5"]
[White "Bellia, Fabrizio"]
[Black "Drazic, Sinisa"]
[WhiteElo "2399"]
[BlackElo "2524"]
[Result "1/2-1/2"]
[PlyCount "28"]
[EventDate "2010.12.04"]

1. e4 e5 2. Nf3 Nf6 3. Nxe5 d6 4. Nf3 Nxe4 5. d4 Be7 6. Be2 O-O 7. O-O Re8 8.
c4 c6 9. h3 Nd7 10. Nbd2 Nxd2 11. Bxd2 Nf6 12. Re1 Bf8 13. Bf1 Rxe1 14. Qxe1 h6
1/2-1/2

[Event "XXXI Memorial Edoardo Crespi A"]
[Site "Milano ITA"]
[Date "2010.12.08"]
[Round "5"]
[White "Bemporad, Filippo"]
[Black "Mazzariol, Oscar"]
[WhiteElo "2068"]
[BlackElo "2089"]
[Result "1-0"]
[PlyCount "73"]
[EventDate "2010.12.04"]

1. d4 Nf6 2. Nf3 e6 3. g3 Nc6 4. Bg2 b6 5. O-O Bb7 6. c4 Be7 7. Nc3 O-O 8. d5
exd5 9. cxd5 Nb4 10. Nh4 d6 11. Nf5 c6 12. dxc6 Bxc6 13. Bxc6 Nxc6 14. Bg5 Ne8
15. Nxe7+ Nxe7 16. Nd5 f6 17. Nxe7+ Kh8 18. Bxf6 Nxf6 19. Nd5 Rc8 20. Nxf6 Qxf6
21. Qd2 Rc5 22. b4 Rf5 23. f3 d5 24. Rad1 h5 25. Qd4 Qf7 26. Rd2 Re8 27. Kf2
Re4 28. Qc3 Qe7 29. Qc8+ Rf8 30. Qc6 Rf5 31. a3 Rc4 32. Qg6 Re5 33. f4 Re6 34.
Qxh5+ Rh6 35. Qxd5 Rxh2+ 36. Kg1 Rxe2 37. Qh5+ 1-0

[Event "XXXI Memorial Edoardo Crespi A"]
[Site "Milano ITA"]
[Date "2010.12.08"]
[Round "5"]
[White "Bonanno, Alessandro"]
[Black "Agrifoglio, Fabio"]
[WhiteElo "2143"]
[BlackElo "1999"]
[Result "1/2-1/2"]
[PlyCount "124"]
[EventDate "2010.12.04"]

1. e4 c6 2. d4 d5 3. e5 Bf5 4. Nc3 h5 5. Nf3 e6 6. Bd3 Bxd3 7. Qxd3 Be7 8. h4
Nd7 9. Be3 Nh6 10. Bxh6 Rxh6 11. O-O-O Rh8 12. Kb1 Nf8 13. Ne2 Ng6 14. g3 Qc7
15. Ng5 Bxg5 16. hxg5 O-O-O 17. Qf3 h4 18. g4 Qe7 19. Qe3 f6 20. gxf6 gxf6 21.
Nf4 Nxf4 22. Qxf4 Rdf8 23. Rde1 Kd7 24. Re3 fxe5 25. Qxe5 Qf6 26. Qxf6 Rxf6 27.
f3 h3 28. Rh2 Kd6 29. Kc1 Rf4 30. c3 b6 31. Kd2 c5 32. Rd3 c4 33. Re3 Ke7 34.
Ke2 Rf7 35. Kf2 b5 36. Kg3 Rfh7 37. f4 Kf7 38. Re5 Rh6 39. f5 exf5 40. Rxd5
fxg4 41. Rxb5 Rg8 42. Rb7+ Kf6 43. Rxa7 Kf5 44. Rf7+ Ke6 45. Rf4 Rhg6 46. Re2+
Kd6 47. b3 cxb3 48. axb3 Rh8 49. Rh2 Re8 50. Rxg4 Re3+ 51. Kf2 Rxg4 52. Kxe3
Rg3+ 53. Ke4 Rxc3 54. b4 Rb3 55. b5 Kc7 56. Rc2+ Kb6 57. Rc6+ Kxb5 58. Rh6 Rg3
59. Ke5 Kc4 60. Rh4 Re3+ 61. Kd6 Rd3 62. d5+ Rd4 1/2-1/2

[Event "XXXI Memorial Edoardo Crespi A"]
[Site "Milano ITA"]
[Date "2010.12.08"]
[Round "5"]
[White "Bonazzi, Edoardo"]
[Black "Melotti, Dario"]
[WhiteElo "2164"]
[BlackElo "2087"]
[Result "1/2-1/2"]
[PlyCount "50"]
[EventDate "2010.12.04"]

1. c4 e5 2. g3 g6 3. Bg2 Bg7 4. Nc3 Nc6 5. Nf3 d6 6. O-O Nf6 7. d3 O-O 8. Rb1
a5 9. a3 Nd4 10. b4 axb4 11. axb4 c6 12. Bg5 h6 13. Bxf6 Bxf6 14. Nxd4 exd4 15.
Ne4 Bg7 16. Ra1 Rxa1 17. Qxa1 d5 18. cxd5 cxd5 19. Nc5 Qd6 20. Qa4 b6 21. Nb3
Bb7 22. Qb5 Bc6 23. Qxb6 Rb8 24. Qa6 Ra8 25. Qb6 Rb8 1/2-1/2

[Event "XXXI Memorial Edoardo Crespi A"]
[Site "Milano ITA"]
[Date "2010.12.08"]
[Round "5"]
[White "Borgo, Giulio"]
[Black "David, Alberto"]
[WhiteElo "2414"]
[BlackElo "2587"]
[Result "1-0"]
[PlyCount "65"]
[EventDate "2010.12.04"]

1. e4 d6 2. d4 Nf6 3. Nc3 g6 4. Bg5 Bg7 5. e5 Nfd7 6. exd6 cxd6 7. Nf3 Nc6 8.
Qd2 Qa5 9. Be2 Nb6 10. Bh6 O-O 11. Bxg7 Kxg7 12. d5 Ne5 13. Qd4 Nbd7 14. O-O-O
Kg8 15. Ng5 Nf6 16. Qh4 Bf5 17. g4 Bxg4 18. f4 Bxe2 19. fxe5 dxe5 20. Nxe2 Qxa2
21. Nc3 Qa1+ 22. Nb1 h5 23. d6 exd6 24. Rxd6 Ng4 25. Qg3 Qa4 26. b3 Qa2 27. h3
Rac8 28. Rd2 Nh6 29. Ne4 Qa5 30. Nf6+ Kg7 31. Nxh5+ Kh8 32. Qg5 Nf5 33. Rf1 1-0

[Event "XXXI Memorial Edoardo Crespi A"]
[Site "Milano ITA"]
[Date "2010.12.08"]
[Round "5"]
[White "Brunello, Roberta"]
[Black "Pedroni, Marco"]
[WhiteElo "2063"]
[BlackElo "1989"]
[Result "1-0"]
[PlyCount "93"]
[EventDate "2010.12.04"]

1. e4 e6 2. d4 d5 3. e5 c5 4. c3 Nc6 5. Nf3 Nge7 6. Bd3 Qb6 7. O-O Bd7 8. dxc5
Qxc5 9. a4 Ng6 10. Re1 f5 11. Na3 Be7 12. Nb5 Qb6 13. c4 Nb4 14. cxd5 Nxd5 15.
Bxf5 Bc5 16. Rf1 Ngf4 17. Be4 Bxb5 18. axb5 O-O-O 19. Bxf4 Nxf4 20. Qc2 Kb8 21.
Rac1 Rc8 22. Qd2 Bxf2+ 23. Kh1 Rxc1 24. Qxc1 Be3 25. Qc4 Rc8 26. Qb3 Qc5 27. g3
Nd5 28. Re1 Bf2 29. Re2 Ne3 30. Ng1 Bxg1 31. Kxg1 Ng4+ 32. Kg2 Qc4 33. Qxc4
Rxc4 34. Bxh7 Rc5 35. Bg8 Rxb5 36. Bxe6 Rxe5 37. Bxg4 Rb5 38. h4 a5 39. Kf2 Rb6
40. Be6 Kc7 41. g4 Rd6 42. h5 b5 43. g5 Rd4 44. Kg3 Rd1 45. h6 gxh6 46. gxh6
Rg1+ 47. Rg2 1-0

[Event "XXXI Memorial Edoardo Crespi A"]
[Site "Milano ITA"]
[Date "2010.12.08"]
[Round "5"]
[White "Burlando, Alessandro"]
[Black "Pechy, Alaster"]
[WhiteElo "2132"]
[BlackElo "2187"]
[Result "1/2-1/2"]
[PlyCount "45"]
[EventDate "2010.12.04"]

1. d4 d5 2. c4 c6 3. Nf3 e6 4. e3 Nf6 5. Nc3 Ne4 6. Bd3 f5 7. Ne5 Qg5 8. O-O
Nd7 9. Nxd7 Bxd7 10. f3 Nxc3 11. bxc3 Qh4 12. e4 Bd6 13. e5 Be7 14. Rb1 b6 15.
Qb3 f4 16. Ba3 O-O 17. Bxe7 Qxe7 18. Qb4 Rf7 19. Qxe7 Rxe7 20. Rb4 Be8 21. Rfb1
dxc4 22. Rxc4 Rd8 23. Rd1 1/2-1/2

[Event "XXXI Memorial Edoardo Crespi A"]
[Site "Milano ITA"]
[Date "2010.12.08"]
[Round "5"]
[White "Codenotti, Marco"]
[Black "Pace, Pietro Dario"]
[WhiteElo "2228"]
[BlackElo "2316"]
[Result "1-0"]
[PlyCount "81"]
[EventDate "2010.12.04"]

1. e4 e5 2. Nf3 Nc6 3. Bb5 a6 4. Ba4 Nf6 5. O-O Be7 6. Qe2 b5 7. Bb3 O-O 8. c3
d6 9. Rd1 Na5 10. Bc2 c5 11. d4 Qc7 12. d5 Bd7 13. b3 Nb7 14. Nbd2 g6 15. Nf1
Nh5 16. Bh6 Rfe8 17. Qd2 Qd8 18. h3 Bf6 19. N1h2 Nf4 20. Ng4 Bg7 21. Bg5 f6 22.
Bxf4 exf4 23. Qxf4 Qe7 24. Re1 Nd8 25. a4 Nf7 26. b4 h5 27. Ne3 Ng5 28. Nh4
Nxh3+ 29. gxh3 g5 30. Nef5 gxf4 31. Nxe7+ Rxe7 32. bxc5 dxc5 33. axb5 Bxb5 34.
Nf5 Rea7 35. Kg2 Bf8 36. Kf3 Bd7 37. Kxf4 Re8 38. Ba4 Bxf5 39. Bxe8 Bxh3 40.
Rg1+ Bg7 41. Bxh5 1-0

[Event "XXXI Memorial Edoardo Crespi A"]
[Site "Milano ITA"]
[Date "2010.12.08"]
[Round "5"]
[White "Facchetti, Gianni"]
[Black "Salmoiraghi, Angelo"]
[WhiteElo "2154"]
[BlackElo "2139"]
[Result "0-1"]
[PlyCount "70"]
[EventDate "2010.12.04"]

1. e4 Nf6 2. e5 Nd5 3. d4 d6 4. exd6 cxd6 5. Be2 g6 6. Bf3 Nc7 7. Ne2 Bg7 8. c3
Nc6 9. a4 O-O 10. O-O e5 11. Na3 f5 12. Bxc6 bxc6 13. dxe5 dxe5 14. Qxd8 Rxd8
15. Bg5 Rd5 16. c4 Rd7 17. b4 Ne6 18. Bc1 c5 19. b5 Bb7 20. Ra2 Rad8 21. Nc3
Rd3 22. Nd5 Bxd5 23. cxd5 R8xd5 24. Nb1 e4 25. Bd2 Nd4 26. a5 Nxb5 27. h3 a6
28. Rc1 Nd4 29. Rc4 Nb3 30. Rcc2 c4 31. Kh2 Be5+ 32. g3 Nd4 33. Rxc4 Nf3+ 34.
Kg2 Nxd2 35. Nxd2 Rxd2 0-1

[Event "XXXI Memorial Edoardo Crespi A"]
[Site "Milano ITA"]
[Date "2010.12.08"]
[Round "5"]
[White "Gagliardi, Christian"]
[Black "Gonella, Daniele"]
[WhiteElo "2188"]
[BlackElo "2003"]
[Result "0-1"]
[PlyCount "100"]
[EventDate "2010.12.04"]

1. e4 e5 2. Nf3 Nc6 3. Bb5 Nf6 4. O-O Nxe4 5. d4 Nd6 6. Bxc6 dxc6 7. dxe5 Nf5
8. Qxd8+ Kxd8 9. Nc3 Bd7 10. h3 Kc8 11. Rd1 b6 12. Bf4 c5 13. a4 a5 14. Nd5 Be6
15. c4 Kb7 16. g4 Ne7 17. Ng5 Nc6 18. Nxe6 fxe6 19. Nc3 Be7 20. Rd7 Rad8 21.
Rad1 Rxd7 22. Rxd7 Kc8 23. Rd3 Rf8 24. Ne2 Rd8 25. Rxd8+ Kxd8 26. Kg2 Nd4 27.
Nc1 c6 28. Be3 Nc2 29. Kf3 Nxe3 30. Kxe3 Ke8 31. Ke4 g5 32. Nd3 Kf7 33. f4 gxf4
34. Kxf4 Kg6 35. Ne1 Bg5+ 36. Kg3 h5 37. h4 hxg4 38. hxg5 Kxg5 39. Kf2 Kf4 40.
Nd3+ Ke4 41. Ke2 g3 42. Ne1 Kd4 43. Ng2 Kxc4 44. Nf4 Kd4 45. Nxe6+ Kxe5 46. Ng5
Kd4 47. Kd2 g2 48. Nf3+ Kc4 49. Kc2 Kb4 50. b3 c4 0-1

[Event "XXXI Memorial Edoardo Crespi A"]
[Site "Milano ITA"]
[Date "2010.12.08"]
[Round "5"]
[White "Garano, Nicola"]
[Black "Iudicello, Giovanni"]
[WhiteElo "2171"]
[BlackElo "2158"]
[Result "1-0"]
[PlyCount "181"]
[EventDate "2010.12.04"]

1. e4 e5 2. Nf3 Nc6 3. Bb5 a6 4. Ba4 Nf6 5. O-O Be7 6. d3 d6 7. c3 O-O 8. Re1
b5 9. Bc2 Bb7 10. Nbd2 Nb8 11. a4 c5 12. axb5 axb5 13. Rxa8 Bxa8 14. d4 Qc7 15.
d5 Bb7 16. Nf1 Nbd7 17. Ng3 Ra8 18. b3 c4 19. b4 Nb6 20. Bg5 Bc8 21. h3 h6 22.
Bd2 Qa7 23. Be3 Qb7 24. Qc1 Bf8 25. Nh4 Qa6 26. Rf1 Nbd7 27. Nhf5 Kh7 28. f4
Qa3 29. Qd2 Qb2 30. fxe5 Nxe5 31. Nd4 Bd7 32. Bxh6 Ra1 33. Bd1 Qxd2 34. Bxd2
Ra2 35. Bg5 Ne8 36. Bh5 g6 37. Bg4 Nxg4 38. hxg4 Kg7 39. Bd8 Ra8 40. Bh4 Ra3
41. Rc1 Nf6 42. g5 Nh7 43. Nge2 Be7 44. Nf3 Kf8 45. Rc2 Ke8 46. Kf2 Kd8 47. Ke3
Kc7 48. Kf4 Bf8 49. Bf2 Be7 50. Bd4 Ra1 51. Ng3 f6 52. gxf6 Nxf6 53. Rf2 Bc8
54. Ng5 Kd7 55. Ne6 Ne8 56. Ke3 Nc7 57. Nxc7 Kxc7 58. Rf7 Kd8 59. Bf6 Bxf6 60.
Rxf6 Kc7 61. Rxg6 Ra2 62. Ne2 Bd7 63. Rg8 Ra1 64. g4 Re1 65. Kf2 Rd1 66. Rg7
Kd8 67. g5 Rd2 68. Ke1 Rd3 69. g6 Bg4 70. Rg8+ Ke7 71. Rb8 Kf6 72. Rb7 Bxe2 73.
g7 Rg3 74. Kxe2 Rxg7 75. Rxg7 Kxg7 76. Ke3 Kg6 77. Kf3 Kg5 78. Kg3 Kg6 79. Kg4
Kf6 80. Kf4 Ke7 81. Kf5 Kf7 82. e5 Ke7 83. e6 Ke8 84. Kg6 Ke7 85. Kg7 Ke8 86.
Kf6 Kf8 87. e7+ Ke8 88. Kg6 Kxe7 89. Kg7 Ke8 90. Kf6 Kd7 91. Kf7 1-0

[Event "XXXI Memorial Edoardo Crespi A"]
[Site "Milano ITA"]
[Date "2010.12.08"]
[Round "5"]
[White "Gikas, Andreas Basilius"]
[Black "Tonndorf, Matthias"]
[WhiteElo "2182"]
[BlackElo "2169"]
[Result "0-1"]
[PlyCount "96"]
[EventDate "2010.12.04"]

1. e4 c5 2. Nf3 e6 3. d4 cxd4 4. Nxd4 a6 5. Be2 Nf6 6. Nc3 Qc7 7. O-O Bc5 8.
Bg5 Nc6 9. Nb3 Bd6 10. Kh1 Be5 11. Bxf6 Bxf6 12. Qd2 d6 13. Rad1 Be7 14. f4 O-O
15. Bf3 Rb8 16. Nd4 Nxd4 17. Qxd4 b5 18. e5 dxe5 19. fxe5 b4 20. Ne4 Rd8 21.
Nd6 Rb6 22. Qc4 Qxc4 23. Nxc4 Rxd1 24. Rxd1 Rb5 25. b3 Rc5 26. g3 a5 27. Kg2 g6
28. Be4 Ba6 29. Rd7 Bxc4 30. Rxe7 Bd5 31. Bxd5 Rxc2+ 32. Kf3 exd5 33. Rd7 Rxh2
34. Rxd5 Rxa2 35. Rb5 Ra3 36. Kg4 Rxb3 37. Rxa5 Rb1 38. Ra8+ Kg7 39. Ra7 Re1
40. Kf4 Kh6 41. Rb7 Rf1+ 42. Kg4 Rf5 43. e6 fxe6 44. Rxb4 Kg7 45. Rb7+ Rf7 46.
Rb6 Kf6 47. Kf4 h5 48. Ke4 Ra7 0-1

[Event "XXXI Memorial Edoardo Crespi A"]
[Site "Milano ITA"]
[Date "2010.12.08"]
[Round "5"]
[White "Gori, Andrea"]
[Black "Virzi, Ettore"]
[WhiteElo "2116"]
[BlackElo "2000"]
[Result "1/2-1/2"]
[PlyCount "134"]
[EventDate "2010.12.04"]

1. e4 e5 2. Nf3 Nc6 3. Bb5 a6 4. Ba4 Nf6 5. O-O b5 6. Bb3 Bc5 7. d3 d6 8. c3 h6
9. a4 Rb8 10. axb5 axb5 11. Na3 O-O 12. Nc2 Bb6 13. Ne3 Ne7 14. Qe2 Ng6 15. Nd5
Nxd5 16. Bxd5 Qf6 17. h3 Bd7 18. Kh2 c6 19. Bb3 Nf4 20. Bxf4 Qxf4+ 21. g3 Qf6
22. Nh4 g5 23. Ng2 Be6 24. Bc2 Qg7 25. f4 f6 26. f5 Bc8 27. Bb3+ Kh7 28. Ne3
Bb7 29. Nc2 Ra8 30. Nb4 Rfd8 31. Be6 d5 32. Kg2 dxe4 33. dxe4 Qf8 34. Rfd1 Rxd1
35. Rxd1 Rd8 36. Rd7+ Rxd7 37. Bxd7 Qd6 38. Qd3 Qxd3 39. Nxd3 c5 40. Kf3 Ba6
41. b4 cxb4 42. Nxb4 Bb7 43. Bxb5 Ba5 44. Na2 h5 45. g4 hxg4+ 46. hxg4 Kg7 47.
Ke3 Kf7 48. Kd3 Ke7 49. Nc1 Kd6 50. Bc4 Bc6 51. Ne2 Kc5 52. Ng3 Bd8 53. Ba6 Ba4
54. Kd2 Bc6 55. Bd3 Ba4 56. Nh5 Be8 57. Ng7 Bd7 58. Kc2 Ba5 59. Kb3 Bb6 60. Bc4
Ba5 61. Bd5 Bb6 62. Kc2 Ba5 63. Kd3 Bb6 64. Bc4 Ba5 65. Ba6 Bb6 66. Ne6+ Bxe6
67. fxe6 Bd8 1/2-1/2

[Event "XXXI Memorial Edoardo Crespi A"]
[Site "Milano ITA"]
[Date "2010.12.08"]
[Round "5"]
[White "Lapiccirella, Mattia"]
[Black "Loehnhardt, Benjamin"]
[WhiteElo "2212"]
[BlackElo "2042"]
[Result "1-0"]
[PlyCount "55"]
[EventDate "2010.12.04"]

1. d4 d5 2. Nf3 Nf6 3. c4 c6 4. e3 g6 5. Nc3 Bg7 6. Bd3 O-O 7. O-O dxc4 8. Bxc4
Bg4 9. h3 Bxf3 10. Qxf3 Qd6 11. Rd1 Nbd7 12. e4 Qb4 13. Bb3 e5 14. Be3 Rfe8 15.
d5 cxd5 16. Nxd5 Nxd5 17. Bxd5 Nf6 18. a3 Qb5 19. b4 Nxd5 20. Rxd5 Qc6 21. Rc1
Qe6 22. Rc7 Re7 23. Rxe7 Qxe7 24. Qd1 b6 25. Rd7 Qf8 26. Qd5 Bf6 27. Bh6 Qe8
28. Rxf7 1-0

[Event "XXXI Memorial Edoardo Crespi A"]
[Site "Milano ITA"]
[Date "2010.12.08"]
[Round "5"]
[White "Marinone, Lucio"]
[Black "Cazzaniga, Walter"]
[WhiteElo "2011"]
[BlackElo "2116"]
[Result "0-1"]
[PlyCount "88"]
[EventDate "2010.12.04"]

1. d4 Nf6 2. c4 g6 3. Nc3 Bg7 4. e4 d6 5. Nge2 O-O 6. Ng3 e5 7. d5 a5 8. Be2
Na6 9. h4 h5 10. Bg5 Qe8 11. Qd2 Nh7 12. Bh6 f6 13. O-O-O Bd7 14. Kb1 Qf7 15.
Bd3 Bxh6 16. Qxh6 Qg7 17. Qxg7+ Kxg7 18. a3 a4 19. Bc2 Nc5 20. Nce2 Kh6 21. f4
Bg4 22. f5 gxf5 23. Nxf5+ Bxf5 24. exf5 Rg8 25. Nc3 Rg4 26. Nb5 Rc8 27. Bd3
Rxg2 28. Rhg1 Rcg8 29. Rxg2 Rxg2 30. Nxc7 Rg4 31. Ne8 Rxh4 32. Rg1 Rg4 33. Rxg4
hxg4 34. Be2 Kg5 35. Nxd6 Kf4 36. Bxg4 Kxg4 37. Kc2 Nf8 38. Kd2 Kf4 39. Ke2
Nfd7 40. Kd2 e4 41. Ke2 Ke5 42. Nf7+ Kxf5 43. Ke3 b6 44. Nd6+ Kg4 0-1

[Event "XXXI Memorial Edoardo Crespi A"]
[Site "Milano ITA"]
[Date "2010.12.08"]
[Round "5"]
[White "Massironi, Marco"]
[Black "D'Alessio, Angelo"]
[WhiteElo "2185"]
[BlackElo "2030"]
[Result "1-0"]
[PlyCount "63"]
[EventDate "2010.12.04"]

1. e4 c6 2. d4 d5 3. Nc3 dxe4 4. Nxe4 Nf6 5. Nxf6+ gxf6 6. c3 Bf5 7. Nf3 e6 8.
g3 Nd7 9. Bg2 Qc7 10. O-O Bd6 11. Nh4 Bg6 12. b4 f5 13. Bg5 Nb6 14. Re1 Nd5 15.
c4 Nc3 16. Qb3 Ne4 17. Bxe4 fxe4 18. Nxg6 hxg6 19. Rxe4 Rh5 20. h4 Kf8 21. Rae1
a5 22. c5 Be7 23. Bf4 Qd7 24. bxa5 Rd5 25. Rb1 Bd8 26. Qxb7 Qxb7 27. Rxb7 Bxa5
28. Bd6+ Kg8 29. Rf4 f5 30. Be5 g5 31. hxg5 Bd2 32. Rh4 1-0

[Event "XXXI Memorial Edoardo Crespi A"]
[Site "Milano ITA"]
[Date "2010.12.08"]
[Round "5"]
[White "Mertens, Heiko"]
[Black "Martinez, Rolly"]
[WhiteElo "2320"]
[BlackElo "2425"]
[Result "1-0"]
[PlyCount "63"]
[EventDate "2010.12.04"]

1. e4 c5 2. Nf3 d6 3. Nc3 Nc6 4. d4 cxd4 5. Nxd4 Nf6 6. Bg5 e6 7. Qd2 a6 8.
O-O-O Bd7 9. Be2 Be7 10. Nb3 O-O 11. Bxf6 gxf6 12. Qh6 Kh8 13. Qh5 Rg8 14. f4
Qb6 15. g3 Rg7 16. Rhe1 Rc8 17. Bf3 Qa7 18. Kb1 b5 19. a3 b4 20. Nd5 exd5 21.
exd5 Ne5 22. fxe5 fxe5 23. axb4 f5 24. Be2 Qb6 25. Na5 Qxb4 26. Nc6 Qa4 27. Rd3
Bf6 28. Red1 Bxc6 29. dxc6 Qxc6 30. Rc3 Qb7 31. Rxd6 Rg6 32. Bxa6 1-0

[Event "XXXI Memorial Edoardo Crespi A"]
[Site "Milano ITA"]
[Date "2010.12.08"]
[Round "5"]
[White "Nicolo', Filippo"]
[Black "Rota, Simone"]
[WhiteElo "2060"]
[BlackElo "2006"]
[Result "1-0"]
[PlyCount "53"]
[EventDate "2010.12.04"]

1. e4 c5 2. Nc3 d6 3. f4 e6 4. Nf3 Nc6 5. Bc4 a6 6. a4 g6 7. O-O Bg7 8. d3 Nge7
9. Qe1 Nd4 10. Nxd4 Bxd4+ 11. Kh1 Bg7 12. f5 gxf5 13. exf5 Bxc3 14. Qxc3 e5 15.
Bg5 Qc7 16. d4 exd4 17. Qb3 Nc6 18. Rae1+ Ne5 19. Bf6 Rg8 20. Qh3 Kd7 21. Qxh7
Rg4 22. Bd5 Qb8 23. Qxf7+ Nxf7 24. Re7+ Kd8 25. Rxf7+ Ke8 26. Re1+ Be6 27. Bxe6
1-0

[Event "XXXI Memorial Edoardo Crespi A"]
[Site "Milano ITA"]
[Date "2010.12.08"]
[Round "5"]
[White "Quaranta, Cristiano"]
[Black "Cani, Gazmir"]
[WhiteElo "2131"]
[BlackElo "2113"]
[Result "0-1"]
[PlyCount "170"]
[EventDate "2010.12.04"]

1. d4 Nf6 2. c4 c5 3. d5 b5 4. cxb5 a6 5. bxa6 g6 6. Nc3 Bxa6 7. Nf3 d6 8. g3
Bg7 9. Bg2 Nbd7 10. Rb1 O-O 11. O-O Ra7 12. Qc2 Qa8 13. Rd1 Rb8 14. b3 Ne8 15.
Bd2 Nc7 16. e4 Nb5 17. Nxb5 Bxb5 18. a4 Ba6 19. Bc3 Rab7 20. Bxg7 Kxg7 21. Bf1
Rb4 22. Nd2 Ne5 23. Kg2 h5 24. Nc4 Bxc4 25. Bxc4 Nxc4 26. bxc4 Qa6 27. Rxb4
Rxb4 28. Rc1 f6 29. h4 Rxa4 30. Qe2 Qa5 31. Rc2 Ra1 32. Kf3 Ra3+ 33. Kg2 Ra1
34. Kf3 Re1 35. Qd2 Qxd2 36. Rxd2 Rc1 37. Ra2 Rxc4 38. Ra7 Kf7 39. Rc7 Rc2 40.
Rc8 c4 41. Ke3 c3 42. Kf3 Rc1 43. Ke2 f5 44. exf5 gxf5 45. Rh8 c2 46. Kd2 Rf1
47. Kxc2 Rxf2+ 48. Kd1 Kg6 49. Ke1 Rb2 50. Rg8+ Kf6 51. Rg5 Rb5 52. Rxh5 Rxd5
53. Rh8 Kg7 54. Ra8 Rb5 55. Ra7 Kf6 56. Kf2 Rb2+ 57. Kf3 e5 58. Ra8 e4+ 59. Ke3
Rb3+ 60. Kf2 d5 61. Rf8+ Ke5 62. h5 Rb2+ 63. Kg1 Rb6 64. Rh8 Kd4 65. h6 Ke3 66.
Rd8 Rxh6 67. Rxd5 Rf6 68. Kg2 f4 69. gxf4 Rxf4 70. Ra5 Rf2+ 71. Kg1 Rd2 72. Rg5
Rd1+ 73. Kh2 Rf1 74. Ra5 Kf3 75. Rg5 e3 76. Rf5+ Ke2 77. Ra5 Rf8 78. Kg2 Rg8+
79. Kh2 Ke1 80. Ra7 e2 81. Rd7 Rg5 82. Rd8 Kf2 83. Rf8+ Ke3 84. Re8+ Kf3 85.
Re7 Rg4 0-1

[Event "XXXI Memorial Edoardo Crespi A"]
[Site "Milano ITA"]
[Date "2010.12.08"]
[Round "5"]
[White "Ricci, Marco"]
[Black "Borin, Fabio"]
[WhiteElo "2061"]
[BlackElo "2141"]
[Result "1/2-1/2"]
[PlyCount "81"]
[EventDate "2010.12.04"]

1. e4 c5 2. Nf3 g6 3. d4 cxd4 4. Nxd4 Nf6 5. Nc3 Nc6 6. Be3 Bg7 7. Be2 O-O 8.
Qd2 d5 9. exd5 Nxd5 10. Nxd5 Nxd4 11. Bxd4 Qxd5 12. Bxg7 Qxg2 13. O-O-O Kxg7
14. Qd4+ Kg8 15. Rdg1 Qh3 16. Rg3 Qh6+ 17. Kb1 Bf5 18. Bc4 Rfc8 19. Bb3 a5 20.
a4 Rc6 21. Qe5 e6 22. Rd1 Qg7 23. Qb5 f6 24. Ka2 Kh8 25. h4 Qc7 26. c3 b6 27.
Qe2 Rd6 28. Rxd6 Qxd6 29. h5 Rd8 30. hxg6 hxg6 31. Qf3 Kg7 32. Rg1 Qc7 33. Rh1
Qb8 34. Re1 Rd6 35. Rh1 Rd8 36. Qe3 g5 37. Qe2 Rh8 38. Rd1 Rd8 39. Rh1 Rh8 40.
Rd1 Rd8 41. Rh1 1/2-1/2

[Event "XXXI Memorial Edoardo Crespi A"]
[Site "Milano ITA"]
[Date "2010.12.08"]
[Round "5"]
[White "Salvador, Roland"]
[Black "Manca, Federico"]
[WhiteElo "2527"]
[BlackElo "2405"]
[Result "1/2-1/2"]
[PlyCount "37"]
[EventDate "2010.12.04"]

1. d4 Nf6 2. Nf3 e6 3. c4 c5 4. d5 exd5 5. cxd5 d6 6. Nc3 g6 7. Bf4 Bg7 8. h3
O-O 9. e3 Na6 10. Be2 Nc7 11. O-O a6 12. a4 Rb8 13. e4 b5 14. axb5 axb5 15.
Bxd6 Qxd6 16. e5 Qd8 17. exf6 Bxf6 18. d6 Ne6 19. Nxb5 1/2-1/2

[Event "XXXI Memorial Edoardo Crespi A"]
[Site "Milano ITA"]
[Date "2010.12.08"]
[Round "5"]
[White "Sbarra, Marco"]
[Black "Barberi, Alessandro"]
[WhiteElo "2312"]
[BlackElo "2077"]
[Result "1-0"]
[PlyCount "83"]
[EventDate "2010.12.04"]

1. d4 g6 2. c4 Bg7 3. Nc3 d6 4. e4 e5 5. dxe5 Bxe5 6. Bd2 Nc6 7. Bd3 Bg7 8. Nf3
Nge7 9. O-O O-O 10. Rc1 Bg4 11. h3 Bd7 12. b3 h6 13. Nd5 f5 14. exf5 Bxf5 15.
Bxf5 Rxf5 16. Bc3 Qd7 17. Bxg7 Kxg7 18. Nd4 Re5 19. Nb5 Rc8 20. f4 Re6 21. Qd2
a6 22. Nd4 Re4 23. Nxc6 Nxc6 24. Qb2+ Nd4 25. Rcd1 c5 26. Nb6 Qe6 27. Nxc8 Qxc8
28. Rde1 Qe6 29. Rxe4 Qxe4 30. Qf2 Kf7 31. Re1 Qd3 32. Qe3 Qxe3+ 33. Rxe3 b5
34. Kf2 a5 35. Rd3 bxc4 36. bxc4 Ke6 37. Ke3 Nc6 38. Ke4 h5 39. g4 hxg4 40.
hxg4 Nb4 41. Ra3 Nc6 42. Rh3 1-0

[Event "XXXI Memorial Edoardo Crespi A"]
[Site "Milano ITA"]
[Date "2010.12.08"]
[Round "5"]
[White "Solodovnichenko, Yuri"]
[Black "Colovic, Aleksandar"]
[WhiteElo "2563"]
[BlackElo "2457"]
[Result "1-0"]
[PlyCount "107"]
[EventDate "2010.12.04"]

1. e4 e5 2. Nf3 Nc6 3. Bb5 a6 4. Ba4 b5 5. Bb3 Na5 6. O-O d6 7. d4 exd4 8. Qxd4
Ne7 9. c4 Nec6 10. Qc3 Nxb3 11. axb3 b4 12. Qd3 Be7 13. Nbd2 O-O 14. Re1 Bf6
15. Nf1 Bg4 16. h3 Bxf3 17. Qxf3 Bg5 18. Rd1 Ne5 19. Qe2 Bxc1 20. Raxc1 Nd7 21.
c5 dxc5 22. Qg4 f5 23. exf5 Qe7 24. Ne3 Kh8 25. Qc4 Rfe8 26. Nd5 Qe5 27. Qf4
Rac8 28. Qxe5 Rxe5 29. Nxb4 cxb4 30. Rxd7 Rxf5 31. Rcxc7 Rg8 32. Rc4 a5 33. f4
h5 34. g4 Rb5 35. Kf2 Kh7 36. Kg3 hxg4 37. hxg4 Kh6 38. Rc6+ Kh7 39. f5 Re5 40.
Rc2 Rf8 41. Rcc7 Rg8 42. Kf4 Re2 43. g5 Rf2+ 44. Kg4 Rg2+ 45. Kh4 Rh2+ 46. Kg3
Rxb2 47. f6 Rxb3+ 48. Kg4 Rc3 49. Rxg7+ Rxg7 50. Rxg7+ Kh8 51. g6 Rc4+ 52. Kg5
Rc5+ 53. Kh6 Rf5 54. Re7 1-0

[Event "XXXI Memorial Edoardo Crespi A"]
[Site "Milano ITA"]
[Date "2010.12.08"]
[Round "5"]
[White "Tramalloni, Luca"]
[Black "Radice, Luca"]
[WhiteElo "2144"]
[BlackElo "2001"]
[Result "0-1"]
[PlyCount "60"]
[EventDate "2010.12.04"]

1. d4 d6 2. c4 f5 3. Nc3 Nf6 4. g3 g6 5. Bg2 Bg7 6. Nh3 O-O 7. Bg5 h6 8. Bxf6
Bxf6 9. Nf4 Qe8 10. Nfd5 Na6 11. Nxf6+ Rxf6 12. Qd2 Kg7 13. e4 c6 14. f4 e5 15.
O-O exf4 16. Rxf4 Be6 17. d5 cxd5 18. exd5 Bd7 19. Re1 Qf8 20. Qd4 b6 21. Ne4
fxe4 22. Ref1 Bf5 23. g4 Nc5 24. gxf5 g5 25. Rg4 Kh7 26. Bxe4 Re8 27. b4 h5 28.
Rxg5 Nxe4 29. Rg6 Re5 30. Rf4 Rfxf5 0-1